Dạy học theo chuẩn kiến thức, kĩ năng môn tin học lớp 8 Định hướng dạy học theo chuẩn kiến thức, kĩ năng. Thiết kế bài học theo chuẩn kiến thức, kĩ năng Q.3 Dạy học theo chuẩn kiến thức, kĩ năng môn tin học lớp 8
Hướng dẫn tổ chức hoạt động dạy học các bài học trong sách giáo khoa tin học lớp 8 theo chuẩn kiến thức, kĩ năng
Guardat en:
| Altres autors: | , , , |
|---|---|
| Format: | Llibre |
| Idioma: | Vietnamese |
| Publicat: |
H.
Đại học Sư phạm
2012
|
| Matèries: | |
| Etiquetes: |
Afegir etiqueta
Sense etiquetes, Sigues el primer a etiquetar aquest registre!
|
| Thư viện lưu trữ: | Mạng thư viện Đại học Đà Nẵng |
|---|
| LEADER | 02043aam a22004338a 4500 | ||
|---|---|---|---|
| 001 | 000023088 | ||
| 003 | 19537 | ||
| 005 | 20150529150535.0 | ||
| 008 | 150527s2012 viesd | ||
| 020 | |c 36500đ |d 1000b | ||
| 041 | 0 | |a vie | |
| 082 | 1 | 4 | |2 14 |a 004.0712 |b Day |
| 245 | 0 | 0 | |a Dạy học theo chuẩn kiến thức, kĩ năng môn tin học lớp 8 |b Định hướng dạy học theo chuẩn kiến thức, kĩ năng. Thiết kế bài học theo chuẩn kiến thức, kĩ năng |c Hồ Cẩm Hà (ch.b.) ; Lê Khắc Thành, Nguyễn Chí Trung, Kiều Phương Thuỳ |n Q.3 |p Dạy học theo chuẩn kiến thức, kĩ năng môn tin học lớp 8 |
| 246 | |a Dạy học theo chuẩn kiến thức, kỹ năng môn tin học lớp 8 | ||
| 260 | |a H. |b Đại học Sư phạm |c 2012 | ||
| 300 | |a 167 tr. |b minh hoạ |c 24 cm. | ||
| 504 | |a Thư mục đầu sách | ||
| 520 | |a Hướng dẫn tổ chức hoạt động dạy học các bài học trong sách giáo khoa tin học lớp 8 theo chuẩn kiến thức, kĩ năng | ||
| 650 | 0 | 4 | |2 Bộ TK TVQG |a Tin học |x Dạy và học |
| 650 | 0 | 4 | |2 Bộ TK TVQG |a Tin học |x Giáo dục trung học |
| 650 | 7 | |2 Bộ TK TVQG | |
| 653 | |a Phương pháp giảng dạy | ||
| 653 | |a Tin học | ||
| 655 | 7 | |2 Bộ TK TVQG |a Sách giáo viên | |
| 700 | 1 | |a Lê Khắc Thành | |
| 700 | 1 | |a Nguyễn Chí Trung | |
| 700 | 1 | |a Hồ Cẩm Hà |e ch.b. | |
| 700 | 1 | |a Kiều Phương Thuỳ | |
| 773 | |d H. |d 2012 |d Đại học Sư phạm |t Dạy học theo chuẩn kiến thức, kĩ năng môn tin học lớp 6 |w 479419 | ||
| OWN | |a LSP | ||
| AVA | |a UDN50 |b LSP |d 004.0712 Day |e available |t Error 5001 Not defined in file expand_doc_bib_avail. |f 10 |g 0 |h N |i 0 |k 1 | ||
| 999 | |a From the UDN01 | ||
| AVA | |a UDN50 |b LSP |d 004.0712 Day |e available |t Error 5001 Not defined in file expand_doc_bib_avail. |f 10 |g 0 |h N |i 0 |k 1 | ||
| TYP | |a Monograph | ||
| TYP | |a Printed language | ||
| 980 | |a Mạng thư viện Đại học Đà Nẵng | ||